Normal view MARC view

Entry Topical Term

Number of records used in: 2

001 - CONTROL NUMBER

  • control field: 39405

003 - CONTROL NUMBER IDENTIFIER

  • control field: dpl

005 - DATE AND TIME OF LATEST TRANSACTION

  • control field: 20120118113140.0

008 - FIXED-LENGTH DATA ELEMENTS

  • fixed length control field: 120118|||a|||||| | ||| d

040 ## - CATALOGING SOURCE

  • Original cataloging agency: dpl
  • Transcribing agency: dpl

150 ## - HEADING--TOPICAL TERM

  • Topical term or geographic name as entry element: Birds |x Identification.
  • Geographic subdivision: South Asia

670 ## - SOURCE DATA FOUND

  • Source citation: Work cat.: (dpl): 39315 Grimmett, Richard, Birds of the Indian subcontinent /, 2012

670 ## - SOURCE DATA FOUND

  • Source citation: Work cat.: (dpl): 39315 Grimmett, Richard, Birds of the Indian subcontinent /, 2012

© Delhi Public Library
Hit Counter
free hit counter